The Economics of International Trade. (Record no. 846)

MARC details
005 - DATE AND TIME OF LATEST TRANSACTION
control field 20250318074417.0
020 ## - INTERNATIONAL STANDARD BOOK NUMBER
International Standard Book Number 0 85941 095 1
082 ## - DEWEY DECIMAL CLASSIFICATION NUMBER
Classification number 382.1 COB
100 ## - MAIN ENTRY--PERSONAL NAME
Author name COBHAM, D.
245 ## - TITLE STATEMENT
Title The Economics of International Trade.
260 ## - PUBLICATION, DISTRIBUTION, ETC.
Place of publication, distribution, etc. Cambridge,
Name of publisher, distributor, etc. Lloyds Bank Limited,
Date of publication, distribution, etc. 1979.
300 ## - PHYSICAL DESCRIPTION
Extent viii,117p.: Ill.;tables.
Dimensions 22cm.
942 ## - ADDED ENTRY ELEMENTS (KOHA)
Source of classification or shelving scheme Dewey Decimal Classification
Koha item type Books
Holdings
Date last seen Total checkouts Full call number Barcode Cost, replacement price Price effective from Koha item type Lost status Source of classification or shelving scheme Damaged status Not for loan Withdrawn status Home library Current library Shelving location Date acquired Cost, normal purchase price
03/18/2025   382.1 COB 0000003482 30000.00 03/18/2025 Books   Dewey Decimal Classification       College of Business Education Main Library College of Business Education Main Library General Collection 03/18/2025 10000.00